<?xml version="1.0" encoding="UTF-8"?>
<record
    xmlns:xsi="http://www.w3.org/2001/XMLSchema-instance"
    xsi:schemaLocation="http://www.loc.gov/MARC21/slim http://www.loc.gov/standards/marcxml/schema/MARC21slim.xsd"
    xmlns="http://www.loc.gov/MARC21/slim">

  <leader>00814nam a2200229 a 4500</leader>
  <controlfield tag="001">808</controlfield>
  <controlfield tag="003">CDMR</controlfield>
  <controlfield tag="005">20131021135625.0</controlfield>
  <controlfield tag="008">130130s1965||||||||||||||||||||||||||||d</controlfield>
  <datafield tag="040" ind1=" " ind2=" ">
    <subfield code="a">CDMR</subfield>
    <subfield code="b">cat</subfield>
    <subfield code="c">CDMR</subfield>
  </datafield>
  <datafield tag="100" ind1="1" ind2=" ">
    <subfield code="a">Bastian, George C.</subfield>
    <subfield code="9">634</subfield>
  </datafield>
  <datafield tag="245" ind1="1" ind2="0">
    <subfield code="a">Editing the day's news</subfield>
    <subfield code="b">: an introduction to newspaper copyediting, headline writing, ilustration, makeup, and small magazine production</subfield>
    <subfield code="c">George C. Bastian, Leland D. Case, Floyd K. Baskette</subfield>
  </datafield>
  <datafield tag="250" ind1=" " ind2=" ">
    <subfield code="a">4th ed.</subfield>
  </datafield>
  <datafield tag="260" ind1=" " ind2=" ">
    <subfield code="a">New York</subfield>
    <subfield code="c">1965</subfield>
    <subfield code="b">The Macmillan Company</subfield>
  </datafield>
  <datafield tag="300" ind1=" " ind2=" ">
    <subfield code="a">373 p.</subfield>
  </datafield>
  <datafield tag="650" ind1="0" ind2="4">
    <subfield code="9">311</subfield>
    <subfield code="a">Empreses period&#xED;stiques</subfield>
  </datafield>
  <datafield tag="650" ind1="0" ind2="4">
    <subfield code="9">3098</subfield>
    <subfield code="a">Diaris</subfield>
    <subfield code="x">Compaginaci&#xF3; i composici&#xF3;</subfield>
  </datafield>
  <datafield tag="650" ind1="0" ind2="4">
    <subfield code="9">3781</subfield>
    <subfield code="a">Revistes</subfield>
    <subfield code="x">Compaginaci&#xF3; i composici&#xF3;</subfield>
  </datafield>
  <datafield tag="700" ind1="1" ind2=" ">
    <subfield code="9">4151</subfield>
    <subfield code="a">Case, Leland D.</subfield>
  </datafield>
  <datafield tag="700" ind1="1" ind2=" ">
    <subfield code="9">4152</subfield>
    <subfield code="a">Baskette, Floyd K.</subfield>
  </datafield>
  <datafield tag="942" ind1=" " ind2=" ">
    <subfield code="c">MON</subfield>
    <subfield code="2">udc</subfield>
  </datafield>
  <datafield tag="999" ind1=" " ind2=" ">
    <subfield code="c">808</subfield>
    <subfield code="d">808</subfield>
  </datafield>
  <datafield tag="952" ind1=" " ind2=" ">
    <subfield code="0">0</subfield>
    <subfield code="1">0</subfield>
    <subfield code="4">0</subfield>
    <subfield code="7">0</subfield>
    <subfield code="a">CDMR</subfield>
    <subfield code="b">CDMR</subfield>
    <subfield code="d">2013-01-16</subfield>
    <subfield code="l">1</subfield>
    <subfield code="o">Do /26</subfield>
    <subfield code="p">CDMR13108631</subfield>
    <subfield code="r">2013-09-23</subfield>
    <subfield code="s">2013-09-19</subfield>
    <subfield code="w">2013-01-16</subfield>
    <subfield code="y">MON</subfield>
  </datafield>
</record>
